00603nam a2200205Ia 4500008004000000041000800040082001200048100000600060245004900066260003600115300000700151650001700158650001200175650001100187650001100198690002200209906001100231999001900242952013600261210210b1930 xxu||||| |||| 00| 0 eng d aeng a320/660 a- aHealth organisation of the league of nations aGenevabLeague of Nationsc1930 a48 aorganisation anations aleague aHealth aPolitical Science a003291 c120925d120925 001040748Political ScienceaALbALcPolitical Scienced2021-02-17g0.00l0o320/660p003291r2021-02-17 00:00:00w2021-02-17yBK